000 00756nam a2200241 i 4500
003 DO-SdBNP
005 20250129172553.0
006 a||||gr|||| 00| 0
007 ta
008 231026e1999 dr ||||| |||| 00| 0 spa d
040 _aDO-SdBNP
_bspa
_cBNPHU
_erda
082 4 _222
_bU58v
100 1 _aHenríquez Gratereaux, Federico,
_d1937-
_eautor
_92003
245 1 0 _a25 años de éxitos:
_bnotas para la historia de APEC. /
_cFederico Henríquez Gratereaux.
264 1 _aSanto Domingo :
_bAPEC,
_c1989
300 _a62 páginas ;
_c21 cm.
336 _2rdacontent
_atexto
_btxt
337 _2rdamedia
_asin mediación
_bn
338 _2rdacarrier
_avolumen
_bnc
590 _aInventariado 2023 / MF
710 2 _aUniversidad APEC
_930673
942 _2ddc
_cLBS1
999 _c55300
_d55300